Astrophysics of dust (Record no. 15915)

MARC details
000 -LEADER
fixed length control field 00931nam a2200229Ia 4500
003 - CONTROL NUMBER IDENTIFIER
control field IN-BaIIA
008 - FIXED-LENGTH DATA ELEMENTS--GENERAL INFORMATION
fixed length control field 211028s9999 xx 000 0 eng d
020 ## - INTERNATIONAL STANDARD BOOK NUMBER
International Standard Book Number 1-58381-159-1
040 ## - CATALOGING SOURCE
Transcribing agency IIA Library
080 ## - UNIVERSAL DECIMAL CLASSIFICATION NUMBER
Universal Decimal Classification number 082.2:52
Item number ASP-309
111 ## - MAIN ENTRY--MEETING NAME
Meeting name or jurisdiction name as entry element Symposium on Astrophysics of Dust
Location of meeting USA
Date of meeting or treaty signing 2003 May 26-30
9 (RLIN) 29346
245 #0 - TITLE STATEMENT
Title Astrophysics of dust
Remainder of title proceedings of an International symposium held at Estes Park, Colorado, USA, 26 - 30 May 2003
Statement of responsibility, etc. edited by A. N. Witt, G. C. Clayton and B. T. Draine
260 ## - PUBLICATION, DISTRIBUTION, ETC.
Place of publication, distribution, etc. San Francisco
Name of publisher, distributor, etc. Astronomical Society of the Pacific
Date of publication, distribution, etc. 2004
300 ## - PHYSICAL DESCRIPTION
Extent xxvi, 812p.
490 ## - SERIES STATEMENT
Series statement ASP conference series; v. 309
650 ## - SUBJECT ADDED ENTRY--TOPICAL TERM
Topical term or geographic name entry element Astrophysics of dust
9 (RLIN) 29347
700 ## - ADDED ENTRY--PERSONAL NAME
Personal name Clayton, G. C., ed.
9 (RLIN) 29348
700 ## - ADDED ENTRY--PERSONAL NAME
Personal name Draine, B. T. ed.
9 (RLIN) 29349
700 ## - ADDED ENTRY--PERSONAL NAME
Personal name Witt, A. N., ed.
9 (RLIN) 29350
710 ## - ADDED ENTRY--CORPORATE NAME
Corporate name or jurisdiction name as entry element Astronomical Society of the Pacific
9 (RLIN) 1154
942 ## - ADDED ENTRY ELEMENTS (KOHA)
Koha item type Books
952 ## - LOCATION AND ITEM INFORMATION (KOHA)
-- 77.00
Holdings
Withdrawn status Lost status Damaged status Not for loan Home library Current library Shelving location Date acquired Source of acquisition Total Checkouts Full call number Barcode Date last seen Date last checked out Price effective from Koha item type
        IIA Library-Bangalore IIA Library-Bangalore General Stacks 09/07/2005 ASP 1 082.2:52/ ASP-309 16837 08/12/2021 08/12/2021 09/07/2005 Books

Powered by Koha